| 000 | 00516nam a22001697a 4500 | ||
|---|---|---|---|
| 003 | BD-DhUL | ||
| 005 | 20210902102311.0 | ||
| 008 | 181226s1985 pk ||||| |||| 00| 0 urd d | ||
| 040 |
_aBD-DhUL _cBD-DhUL |
||
| 082 |
_a891.431 _bRIK |
||
| 100 | 1 |
_aرضا، حسن عباس _d |
|
| 245 | 1 | 0 |
_aخواب عذاب ہوئے / _cحسن عباس رضا |
| 260 |
_aراو لپنڈی : _bظھیر الیسوسی اھڈس، _c۱۹۸۵۔ |
||
| 300 |
_aص۔ ۱۴۴ ؛ _c۲۲ سم۔ |
||
| 650 | 4 | _aUrdu poetry | |
| 942 |
_2ddc _cBK |
||
| 999 |
_c245412 _d245412 |
||